000 01122nam a2200241Ia 4500
999 _c37870
_d37870
001 3848
003 GE_BSU
005 20190813171548.0
008 181216s1985||||ge |||||||||||||| ||geo||
040 _cGE_BSU
041 _ageo
080 _a1(430)(092)+165.62 კ–17
100 _aკაკაბაძე, ზურაბ
_93561
245 _a"ექსისტენციური კრიზისის" პრობლემა და ედმუნდ ჰუსერლის ტრანსცენდენტალური ფენომენოლოგია /
_cრედ. თ. ბუაჩიძე; ფილოსოფიის ინ-ტი.
264 _aთბ. :
_bმეცნიერება,
_c1985.
300 _a187გვ. ;
_b21სმ..
600 _aჰუსერლი ედმუნდ
_93562
653 _aჰუსერლი, ედმუნდ
653 _aფენომენოლოგია
700 _aბუაჩიძე, თ .
_eრედაქტორი
_91329
710 _aფილოსოფიის ინ-ტი.
_93563
942 _cBK
_2udc